000 00713nam a2200265Ia 4500
003 OSt
005 20220928131352.0
006 a|||||r|||| 00| 0
007 ta
008 220927b |||||||| |||| 00| 0 eng d
024 _a41730
037 _cTextual
040 _aSDCL
_cSDCL
_beng
041 _2eng
_aeng
082 _aD65,46, P7
100 _aHanzo Lajos
_9477840
245 0 _aVideo compression and communications.
250 _a2
260 _aEngland
_bWiley
_c2007
300 _axxiv,677p.
_ccm.
650 _aMobile Communication
_9437150
700 _a Cherriman Peter
_9477841
942 _hD65,46, P7
_cTEXL
_2CC
999 _c790339
_d790339